Fifty stories and a piece of advice

שמור ב:
מידע ביבליוגרפי
מחבר ראשי: Arnanson, David
פורמט: ספר
שפה:Undetermined
יצא לאור: Manitoba, Canadá Turnstone Press 1982
נושאים:
תגים: הוספת תג
אין תגיות, היה/י הראשונ/ה לתייג את הרשומה!

MARC

LEADER 00000nam a2200000Ia 4500
008 170316s9999 xx 000 0 und d
090 |a 818 A-6f 
100 |a Arnanson, David 
245 |a Fifty stories and a piece of advice 
260 |a Manitoba, Canadá 
260 |b Turnstone Press 
260 |c 1982 
300 |a 155 páginas 
650 |a LITERATURA CANADIENSE 
999 |c 21732  |d 21732 
040 |a cru BVZT 
942 |c 15 D  |h 818 A-6f  |2 z